01310cam a22003137a 4500001000500000005001700005020001800022040001800040050000800058100001900066245002900085250001900114260004300133300006000176490001200236505000800248520027100256521002000527521002000547650003100567700002400598700003500622700003000657906004500687942001500732999001500747952011200762952012200874437420240816090412.0 a9780061853777 aDLCcDLCbeng00a4191 aLe Ny, Jeanine10aMarley steals the show / aFirst edition  aNew York :bHarperFestival , c2010 .  a24 unnumbered pages : bcolor illustrations ;c21 cm .  aMarley  aO  aMarley's family has big hopes when they enter him in the local pet show, but things don't go as planned. From grooming disasters to chaos backstage, this is the one event the town will never forget. Will Marley's giant personality be enough to take home the prize?1 a600 bLexile 1 aO bRaz-Plus  adog show vchildren's book1 aGrogan, Johnd1957-1 aCowdrey, Richardeillustrator 1 aLyon, Tammieeillustrator a7bcbccorignewd4eepcnf20gy-gencatlg 2ddccBKn0 c4374d4374 00102ddc40708JUVFa001b001cTTPd2024-08-16l0oLEN 419pFIS03710r2024-08-16 09:02:40w2024-08-16yBK 00102ddc40708JUVFa001b001cTK Yellowd2024-10-18l0oLEN 419p2024-2167r2024-10-18 08:45:08t2w2024-10-18yBK